[Event "EU-ch (Women) 10th"]
[Site "St Petersburg"]
[Date "2009.03.17"]
[Round "9"]
[White "Popova, Natalija"]
[Black "Yakovich, Yuliya"]
[Result "1-0"]
[WhiteElo "2266"]
[BlackElo "2125"]
[PlyCount "109"]
[EventDate "2009.03.08"]
[EventType "swiss"]
[EventRounds "11"]
[EventCountry "RUS"]
[SourceTitle "CBM 129 Extra"]
[Source "ChessBase"]
[SourceDate "2009.05.05"]
[SourceVersion "2"]
[SourceVersionDate "2009.05.20"]
[SourceQuality "1"]

1. e4 e5 2. Nf3 Nc6 3. Bb5 a6 4. Ba4 Nf6 5. 0-0 Nxe4 6. d4 b5 7. Bb3 d5 8. dxe5 Be6 9. Nbd2 Nc5 10. Qe2 Be7 11. c3 d4 12. cxd4 Nxd4 13. Nxd4 Qxd4 14. Bxe6 Nxe6 15. Nb3 Qb6 16. Be3 c5 17. f4 Nd4 18. Qf2 Nxb3 19. axb3 Qc6 20. Rad1 0-0 21. f5 f6 22. e6 Rfd8 23. Qg3 Kh8 24. Bf4 c4 25. bxc4 Rxd1 26. Rxd1 Qc5+ 27. Be3 Qxf5 28. Qf3 Qxf3 29. gxf3 bxc4 30. Rd7 Re8 31. Ra7 Kg8 32. Rxa6 Bb4 33. Rc6 h5 34. Kf2 Bf8 35. Ke2 Rb8 36. Bd4 Rd8 37. Rxc4 Rd6 38. b4 Rxe6+ 39. Kd3 Bd6 40. h3 Be5 41. b5 Kf7 42. Bxe5 Rxe5 43. Rb4 Re8 44. b6 g5 45. b7 Rb8 46. Kc4 f5 47. Kc5 g4 48. fxg4 fxg4 49. hxg4 h4 50. Kc6 Kg6 51. Rb5 Rh8 52. b8Q Rxb8 53. Rxb8 Kg5 54. Rg8+ Kf4 55. g5 1-0

[Event "Pavia op"]
[Site "Pavia"]
[Date "2009.02.14"]
[Round "3"]
[White "Yakovich, Yuliya"]
[Black "Bove, Alessandro"]
[Result "0-1"]
[WhiteElo "2125"]
[BlackElo "2288"]
[PlyCount "66"]
[EventDate "2009.02.13"]
[EventType "swiss"]
[EventRounds "5"]
[EventCountry "ITA"]
[SourceTitle "CBM 129 Extra"]
[Source "ChessBase"]
[SourceDate "2009.05.05"]
[SourceVersion "2"]
[SourceVersionDate "2009.05.20"]
[SourceQuality "1"]

1. e4 c5 2. Nf3 Nc6 3. d4 cxd4 4. Nxd4 Nf6 5. Nc3 d6 6. f3 e5 7. Nb3 Be6 8. Be3 Be7 9. Nd5 0-0 10. Qd2 b6 11. c4 Rc8 12. Be2 Nb8 13. 0-0 h6 14. Rfd1 Bxd5 15. cxd5 Nh5 16. a4 Bg5 17. Rdc1 Bxe3+ 18. Qxe3 f5 19. a5 Nf4 20. Bf1 fxe4 21. fxe4 Rxc1 22. Rxc1 bxa5 23. Qxa7 a4 24. Na5 Nh3+ 25. Kh1 Qg5 26. Ra1 Nf2+ 27. Kg1 Nxe4 28. Nc6 Nd7 29. Re1 Ndc5 30. Qa5 Qf4 31. Ne7+ Kh7 32. h3 Qf2+ 33. Kh2 Nd2 0-1

[Event "Salekhard (Women)"]
[Site "Salekhard"]
[Date "2008.12.02"]
[Round "4"]
[White "Sazonova, Elena"]
[Black "Yakovich, Yuliya"]
[Result "1/2-1/2"]
[WhiteElo "2195"]
[BlackElo "2125"]
[PlyCount "101"]
[EventDate "2008.11.29"]
[EventType "tourn"]
[EventRounds "9"]
[EventCountry "RUS"]
[SourceTitle "CBM 127 Extra"]
[Source "ChessBase"]
[SourceDate "2009.01.08"]
[SourceVersion "2"]
[SourceVersionDate "2009.01.28"]
[SourceQuality "1"]

1. e4 e5 2. Bc4 Nf6 3. d3 Nc6 4. Nf3 Bc5 5. c3 a6 6. 0-0 d6 7. Bb3 Ba7 8. Nbd2 0-0 9. h3 h6 10. Nc4 Be6 11. Ne3 d5 12. Qc2 Re8 13. Re1 Qd7 14. Nf1 Nh5 15. Qe2 dxe4 16. dxe4 Bxb3 17. axb3 Qe6 18. b4 Rad8 19. b5 axb5 20. Qxb5 Bb6 21. Be3 Bxe3 22. Nxe3 Nf4 23. Nf5 b6 24. Rad1 Ra8 25. b4 Ra3 26. Re3 Kh7 27. Qf1 g6 28. Ng3 Rd8 29. Rxd8 Nxd8 30. Ne2 Nxe2+ 31. Qxe2 Nb7 32. Qb5 f6 33. Rd3 Nd6 34. Qc6 Ra7 35. Nd2 f5 36. f3 Kg7 37. Rd5 Kf6 38. c4 Nf7 39. Qxe6+ Kxe6 40. c5 bxc5 41. Rxc5 Rb7 42. Nc4 Rxb4 43. Rxc7 fxe4 44. fxe4 Kf6 45. Kf2 Ra4 46. h4 Ra6 47. Ne3 h5 48. Kf3 g5 49. Nd5+ Kg6 50. Ne7+ Kf6 51. Nd5+ 1/2-1/2

[Event "Salekhard (Women)"]
[Site "Salekhard"]
[Date "2008.11.29"]
[Round "2"]
[White "Turova, Irina"]
[Black "Yakovich, Yuliya"]
[Result "1-0"]
[WhiteElo "2381"]
[BlackElo "2125"]
[PlyCount "87"]
[EventDate "2008.11.29"]
[EventType "tourn"]
[EventRounds "9"]
[EventCountry "RUS"]
[SourceTitle "CBM 127 Extra"]
[Source "ChessBase"]
[SourceDate "2009.01.08"]
[SourceVersion "2"]
[SourceVersionDate "2009.01.28"]
[SourceQuality "1"]

1. e4 e5 2. Nf3 Nc6 3. Bc4 Bc5 4. d3 Nf6 5. Nc3 a6 6. a3 d6 7. b4 Bb6 8. Bg5 h6 9. Bxf6 Qxf6 10. Nd5 Qg6 11. Nh4 Qg5 12. g3 Bg4 13. Qd2 Nd4 14. c3 Nf3+ 15. Nxf3 Bxf3 16. Rg1 Qh5 17. h4 0-0-0 18. a4 Rhe8 19. Nxb6+ cxb6 20. Qe3 d5 21. Bxd5 Rd6 22. c4 f5 23. Kd2 fxe4 24. dxe4 Red8 25. Kc2 Rf6 26. a5 Rdd6 27. axb6 Rxb6 28. Rab1 Qe8 29. b5 Bg4 30. f4 Bd7 31. bxa6 Ba4+ 32. Kd2 Qd8 33. axb7+ Kb8 34. fxe5 Rxb1 35. Rxb1 Qa5+ 36. Ke2 Rf8 37. e6 Be8 38. Qb6 Bh5+ 39. Kd3 Rf3+ 40. Kd4 Qc3+ 41. Kc5 Qa3+ 42. Rb4 Rf8 43. Qd6+ Ka7 44. b8Q+ 1-0

[Event "Salekhard (Women)"]
[Site "Salekhard"]
[Date "2008.11.29"]
[Round "1"]
[White "Yakovich, Yuliya"]
[Black "Doluhanova, Evgeniya"]
[Result "0-1"]
[WhiteElo "2125"]
[BlackElo "2243"]
[PlyCount "80"]
[EventDate "2008.11.29"]
[EventType "tourn"]
[EventRounds "9"]
[EventCountry "RUS"]
[SourceTitle "CBM 127 Extra"]
[Source "ChessBase"]
[SourceDate "2009.01.08"]
[SourceVersion "2"]
[SourceVersionDate "2009.01.28"]
[SourceQuality "1"]

1. e4 c5 2. Nf3 Nc6 3. d4 cxd4 4. Nxd4 Nf6 5. Nc3 e5 6. Ndb5 d6 7. Bg5 a6 8. Na3 b5 9. Bxf6 gxf6 10. Nd5 f5 11. g3 Bg7 12. Bg2 0-0 13. exf5 Bxf5 14. Ne3 Ne7 15. Nxf5 Nxf5 16. Qh5 Nd4 17. 0-0 b4 18. Nc4 Rc8 19. Ne3 f5 20. Bh3 Qf6 21. c3 bxc3 22. bxc3 Qg6 23. Qd1 Qh6 24. cxd4 Qxh3 25. dxe5 f4 26. Qd5+ Kh8 27. gxf4 Rxf4 28. Qg2 Qe6 29. Qd5 Qh3 30. exd6 Rg8 31. Kh1 Rh4 32. Qg2 Be5 33. Qxh3 Rxh3 34. f4 Bxa1 35. Nf5 Bf6 36. d7 Rd3 37. Nh6 Rf8 38. Re1 Rxd7 39. Re6 a5 40. Ng4 Bd4 0-1

[Event "Arctic Cup 3rd"]
[Site "Salekhard"]
[Date "2007.10.17"]
[Round "10"]
[White "Kopylova, Natalia"]
[Black "Yakovich, Yuliya"]
[Result "1/2-1/2"]
[WhiteElo "1842"]
[BlackElo "2136"]
[PlyCount "59"]
[EventDate "2007.10.08"]
[EventType "team"]
[EventRounds "11"]
[EventCountry "RUS"]
[SourceTitle "CBM 120 Extra"]
[Source "ChessBase"]
[SourceDate "2007.11.01"]
[SourceVersion "1"]
[SourceVersionDate "2007.11.01"]
[SourceQuality "1"]

1. e4 e5 2. Nf3 Nc6 3. Nc3 Nf6 4. d4 exd4 5. Nxd4 Bb4 6. Nxc6 bxc6 7. Qd4 Qe7 8. f3 d5 9. Bg5 c5 10. Bb5+ Kf8 11. Qd3 Bb7 12. 0-0-0 c6 13. Ba4 d4 14. Ne2 h6 15. Bh4 g5 16. Bg3 Kg7 17. h4 a5 18. Bb3 Ba6 19. Bc4 Bxc4 20. Qxc4 a4 21. hxg5 hxg5 22. c3 Rxh1 23. Rxh1 dxc3 24. Nxc3 a3 25. b3 Rd8 26. Rd1 Rxd1+ 27. Kxd1 Nd7 28. Qd3 Ne5 29. Qe3 f6 30. Kc2 1/2-1/2

[Event "Arctic Cup 3rd"]
[Site "Salekhard"]
[Date "2007.10.13"]
[Round "6"]
[White "Yakovich, Yuliya"]
[Black "Zapankova, Galina"]
[Result "1-0"]
[WhiteElo "2136"]
[BlackElo "1857"]
[PlyCount "97"]
[EventDate "2007.10.08"]
[EventType "team"]
[EventRounds "11"]
[EventCountry "RUS"]
[SourceTitle "CBM 120 Extra"]
[Source "ChessBase"]
[SourceDate "2007.11.01"]
[SourceVersion "1"]
[SourceVersionDate "2007.11.01"]
[SourceQuality "1"]

1. e4 e6 2. d4 d5 3. exd5 exd5 4. Nf3 Bf5 5. Bd3 Bxd3 6. Qxd3 c6 7. 0-0 Bd6 8. Re1+ Ne7 9. Ne5 Nd7 10. Nd2 f6 11. Nxd7 Qxd7 12. Nf3 0-0-0 13. b4 g5 14. Nd2 h5 15. a4 h4 16. b5 Qf5 17. Qc3 Rd7 18. Ba3 Bxa3 19. Qxa3 Qh7 20. Re6 Rc7 21. Rae1 Ng6 22. bxc6 Rxc6 23. Rxc6+ bxc6 24. Qd6 Qd7 25. Qxf6 Re8 26. Rxe8+ Qxe8 27. Qxg5 Qe1+ 28. Nf1 Qe4 29. Ne3 Nf4 30. Qf5+ Qxf5 31. Nxf5 h3 32. gxh3 Nxh3+ 33. Kg2 Nf4+ 34. Kf3 Ne6 35. h4 Kd8 36. h5 Ke8 37. Kg4 Kf7 38. h6 Nf8 39. a5 a6 40. c3 Nh7 41. f3 Nf6+ 42. Kf4 Ke6 43. Kg5 Kf7 44. Nd6+ Ke7 45. Kg6 Ke6 46. h7 Nxh7 47. Kxh7 Kxd6 48. Kg6 c5 49. f4 1-0

[Event "Arctic Cup 3rd"]
[Site "Salekhard"]
[Date "2007.10.08"]
[Round "1"]
[White "Rassokhina, Ekaterina"]
[Black "Yakovich, Yuliya"]
[Result "0-1"]
[WhiteElo "1984"]
[BlackElo "2136"]
[PlyCount "114"]
[EventDate "2007.10.08"]
[EventType "team"]
[EventRounds "11"]
[EventCountry "RUS"]
[SourceTitle "CBM 120 Extra"]
[Source "ChessBase"]
[SourceDate "2007.11.01"]
[SourceVersion "1"]
[SourceVersionDate "2007.11.01"]
[SourceQuality "1"]

1. d4 d5 2. Nf3 Nf6 3. Bg5 Ne4 4. Bf4 c5 5. e3 Qb6 6. Qc1 cxd4 7. exd4 Nc6 8. c3 Bf5 9. Be2 h6 10. 0-0 e6 11. Nbd2 Rc8 12. Re1 Be7 13. Nf1 0-0 14. Ng3 Nxg3 15. Bxg3 Qa5 16. Qe3 b5 17. a3 Qb6 18. Ne5 Qb7 19. Bd3 Bxd3 20. Nxd3 Na5 21. Be5 Nc4 22. Qg3 Nxe5 23. Qxe5 a5 24. Nf4 Bf6 25. Qe3 Bg5 26. Qg3 Bxf4 27. Qxf4 b4 28. axb4 axb4 29. Qd2 bxc3 30. bxc3 Rc4 31. Re3 Rb8 32. Rc1 Qb2 33. Rc2 Qa1+ 34. Re1 Qa5 35. Rec1 Rb3 36. h3 Qb6 37. Ra2 Qb7 38. Rac2 Rb1 39. Rxb1 Qxb1+ 40. Rc1 Qb3 41. Qd3 Qb2 42. Rc2 Qb1+ 43. Kh2 Ra4 44. Qd2 Ra1 45. Rb2 Qc1 46. Rb8+ Kh7 47. Qd3+ g6 48. Qf3 f5 49. Rb7+ Kg8 50. Rb8+ Kf7 51. Rb7+ Kf6 52. Rb8 g5 53. Kg3 f4+ 54. Kg4 Qc2 55. Rf8+ Kg7 56. Rxf4 gxf4 57. Kh4 Qf5 0-1

[Event "Voronezh op-A"]
[Site "Voronezh"]
[Date "2006.06.21"]
[Round "9"]
[White "Yakovich, Yuliya"]
[Black "Miroshnichenko, Dmitry"]
[Result "0-1"]
[WhiteElo "2104"]
[BlackElo "2062"]
[PlyCount "74"]
[EventDate "2006.06.12"]
[EventType "swiss"]
[EventRounds "9"]
[EventCountry "RUS"]
[SourceTitle "CBM 112 Extra"]
[Source "ChessBase"]
[SourceDate "2006.07.14"]
[SourceVersion "1"]
[SourceVersionDate "2006.07.14"]
[SourceQuality "1"]

1. e4 c5 2. Nf3 d6 3. d4 cxd4 4. Nxd4 Nf6 5. Nc3 g6 6. Be3 Bg7 7. f3 0-0 8. Qd2 Nc6 9. 0-0-0 d5 10. exd5 Nxd5 11. Nxc6 bxc6 12. Bd4 e5 13. Bc5 Be6 14. Ne4 Qc7 15. Bc4 Rfd8 16. Qf2 Nf4 17. Bxe6 Nxe6 18. Be3 Qa5 19. Kb1 Nd4 20. g4 Rab8 21. g5 Rd5 22. c4 Rd7 23. Nf6+ Bxf6 24. gxf6 Rdb7 25. Bc1 Qc3 26. Rhe1 Qxc4 27. Rxe5 Nb5 28. Rxb5 Qxb5 29. Rd6 a5 30. Qd2 Qf5+ 31. Ka1 Qc8 32. Qxa5 h5 33. Qd2 c5 34. b3 c4 35. Ba3 cxb3 36. Qh6 Qc3+ 37. Bb2 Qe1+ 0-1

[Event "Voronezh op-A"]
[Site "Voronezh"]
[Date "2006.06.14"]
[Round "3"]
[White "Poluektov, Yury"]
[Black "Yakovich, Yuliya"]
[Result "1-0"]
[WhiteElo "2318"]
[BlackElo "2104"]
[PlyCount "91"]
[EventDate "2006.06.12"]
[EventType "swiss"]
[EventRounds "9"]
[EventCountry "RUS"]
[SourceTitle "CBM 112 Extra"]
[Source "ChessBase"]
[SourceDate "2006.07.14"]
[SourceVersion "1"]
[SourceVersionDate "2006.07.14"]
[SourceQuality "1"]

1. d4 d5 2. Nf3 Nf6 3. Bf4 c5 4. c3 cxd4 5. cxd4 Nc6 6. Nc3 Bf5 7. e3 e6 8. Qb3 Bb4 9. Be2 0-0 10. 0-0 Qe7 11. Bg5 h6 12. Bh4 Rfc8 13. Rfc1 Na5 14. Qa4 Nc4 15. Bxf6 gxf6 16. Qb3 Rc6 17. a3 Bxc3 18. Rxc3 Rac8 19. Rac1 Qc7 20. Qa2 Qb6 21. b4 Nd6 22. Qb2 Ne4 23. Rxc6 Rxc6 24. Nd2 Rxc1+ 25. Qxc1 Nxd2 26. Qxd2 Qc6 27. h3 Kg7 28. Bf1 Bg6 29. f3 b6 30. Kf2 Qc7 31. a4 a5 32. bxa5 bxa5 33. Be2 Qb6 34. Qc3 Qb4 35. Qxb4 axb4 36. Bd1 Bd3 37. Ke1 Kf8 38. g4 Ke7 39. Kd2 Bc4 40. h4 Kd6 41. f4 e5 42. h5 Ke6 43. Bc2 exf4 44. exf4 Ba2 45. a5 Kd6 46. Bd3 1-0

[Event "Voronezh op-A"]
[Site "Voronezh"]
[Date "2006.06.13"]
[Round "2"]
[White "Yakovich, Yuliya"]
[Black "Terentiev, Vitaly G"]
[Result "0-1"]
[WhiteElo "2104"]
[BlackElo "2343"]
[PlyCount "92"]
[EventDate "2006.06.12"]
[EventType "swiss"]
[EventRounds "9"]
[EventCountry "RUS"]
[SourceTitle "CBM 112 Extra"]
[Source "ChessBase"]
[SourceDate "2006.07.14"]
[SourceVersion "1"]
[SourceVersionDate "2006.07.14"]
[SourceQuality "1"]

1. e4 c6 2. d4 d5 3. Nc3 g6 4. e5 Bg7 5. f4 Qb6 6. Nf3 Bg4 7. Be2 Nh6 8. 0-0 Nf5 9. Na4 Qc7 10. Qd3 Nd7 11. Be3 e6 12. Bf2 h5 13. h3 Bxf3 14. Qxf3 h4 15. Bd3 Bf8 16. Nc3 Be7 17. Ne2 0-0-0 18. Kh1 Kb8 19. Ng1 Nf6 20. Bxf5 gxf5 21. Qe2 Nd7 22. Nf3 Nf8 23. b3 Ng6 24. Be3 f6 25. Rfd1 fxe5 26. fxe5 Bf8 27. Bg5 Be7 28. Bxe7 Qxe7 29. Qe3 Rdg8 30. c4 Qd8 31. Rd2 Rg7 32. Rc1 Ne7 33. Qe1 Qg8 34. Nxh4 Rg3 35. Nf3 f4 36. Nh2 Nf5 37. Rf2 Nxd4 38. Rc3 Nf5 39. cxd5 cxd5 40. Rxg3 fxg3 41. Rxf5 exf5 42. Nf3 Qg4 43. Kg1 Qf4 44. e6 Re8 45. Nd2 Qd6 46. Nf1 f4 0-1

[Event "St Petersburg Rudenko Memorial (Women)"]
[Site "St Petersburg"]
[Date "2005.08.26"]
[Round "7"]
[White "Borisova, Elizaveta"]
[Black "Yakovich, Yuliya"]
[Result "1-0"]
[WhiteElo "2172"]
[BlackElo "2083"]
[PlyCount "105"]
[EventDate "2005.08.20"]
[EventType "swiss"]
[EventRounds "9"]
[EventCountry "RUS"]
[SourceTitle "CBM 107 Extra"]
[Source "ChessBase"]
[SourceDate "2005.09.01"]
[SourceVersion "1"]
[SourceVersionDate "2005.09.01"]
[SourceQuality "1"]

1. e4 c5 2. Nf3 Nc6 3. d4 cxd4 4. Nxd4 Nf6 5. Nc3 e6 6. Be3 Bb4 7. Bd3 d5 8. Nxc6 bxc6 9. e5 d4 10. exf6 dxe3 11. fxg7 exf2+ 12. Kf1 Rg8 13. Qf3 Bd7 14. Ne4 Be7 15. Rd1 Rxg7 16. Qf4 Rb8 17. Qh6 Kf8 18. h4 f5 19. Ng5 Bxg5 20. hxg5 Qxg5 21. Qxg5 Rxg5 22. Rxh7 Rg7 23. Rh8+ Rg8 24. Rxg8+ Kxg8 25. Bc4 Bc8 26. Rd8+ Kf7 27. b3 Ke7 28. Rh8 Kd6 29. Kxf2 Ra8 30. Re8 e5 31. Be6 Bb7 32. Rxa8 Bxa8 33. Bxf5 c5 34. g3 Bc6 35. Ke3 Bg2 36. Be4 Bh3 37. Kf3 Be6 38. g4 Ke7 39. g5 Kf7 40. Ke3 Kg7 41. c3 Kf7 42. Bd3 Bd7 43. Ke4 Kg6 44. Kxe5+ Kxg5 45. Kd6 c4 46. Bxc4 Bf5 47. a4 Kf4 48. Be6 Bc2 49. a5 Ke3 50. b4 Kd2 51. c4 Kc3 52. b5 Kb4 53. b6 1-0

[Event "St Petersburg Rudenko Memorial (Women)"]
[Site "St Petersburg"]
[Date "2005.08.23"]
[Round "4"]
[White "Ambartsumova, Karina"]
[Black "Yakovich, Yuliya"]
[Result "1-0"]
[WhiteElo "2184"]
[BlackElo "2083"]
[PlyCount "39"]
[EventDate "2005.08.20"]
[EventType "swiss"]
[EventRounds "9"]
[EventCountry "RUS"]
[SourceTitle "CBM 107 Extra"]
[Source "ChessBase"]
[SourceDate "2005.09.01"]
[SourceVersion "1"]
[SourceVersionDate "2005.09.01"]
[SourceQuality "1"]

1. e4 e5 2. Nf3 Nc6 3. d4 exd4 4. Nxd4 Nf6 5. Nxc6 bxc6 6. e5 Qe7 7. Qe2 Nd5 8. c4 Ba6 9. g3 f6 10. b3 fxe5 11. Bb2 0-0-0 12. Qd2 Nf6 13. Ba3 Qf7 14. Bg2 Bb7 15. 0-0 Bxa3 16. Nxa3 Kb8 17. Qa5 d6 18. b4 Ba8 19. Nb5 Kc8 20. Bh3+ 1-0